Seguros marítimos en la carrera de Indias
Salvato in:
| Autore principale: | |
|---|---|
| Natura: | Libro |
| Lingua: | spagnolo |
| Pubblicazione: |
Madrid
Instituto Nacional de Estudios Jurídicos
1948
|
| Soggetti: | |
| Tags: |
Aggiungi Tag
Nessun Tag, puoi essere il primo ad aggiungerne!!
|
MARC
| LEADER | 00000nam a2200000 a 4500 | ||
|---|---|---|---|
| 001 | UCP8066 | ||
| 003 | CL-VaPUC | ||
| 008 | 000106e19480000SP |||||||||||||||||spa|d | ||
| 082 | 0 | 4 | |a 368.23 |b CES |2 21 |
| 100 | 0 | |a Céspedes del Castillo, Guillermo |e author |9 437897 | |
| 245 | 1 | 0 | |a Seguros marítimos en la carrera de Indias |
| 300 | |a 50 p | ||
| 942 | |c BK | ||
| 945 | |d 20000106 00:00:00 |a crobeson | ||
| 260 | |a Madrid |b Instituto Nacional de Estudios Jurídicos |c 1948 | ||
| 650 | 7 | |a SEGUROS MARITIMOS |2 CL-VaPUC |9 437898 | |
| 650 | 0 | |a Comercio marítimo |9 352895 | |
| 650 | 7 | |a ECONOMIA COLONIAL |2 CL-VaPUC |9 429051 | |
| 650 | 0 | |a Derecho marítimo |9 255301 | |
| 583 | |a last modification |c 20000106 00:00:00 |k Rodrigo Vera | ||
| 999 | |c 285100 |d 285098 | ||
| 952 | |0 0 |1 0 |4 0 |6 368_230000000000000_CES_1948 |7 0 |8 X |9 329472 |a BIBHIS |b BIBHIS |d 2019-11-20 |i 1374893 |o 368.23 CES 1948 |p 1374893 |r 2024-01-30 |w 2019-11-20 |y BK_X |k HIS | ||